[Event "Dortmund Sparkassen op-B"]
[Site "Dortmund"]
[Date "2011.07.29"]
[Round "7"]
[White "Ziemek, Gerhard"]
[Black "Vogt, Christian"]
[Result "1-0"]
[WhiteElo "1690"]
[BlackElo "1470"]
[PlyCount "148"]
[EventDate "2011.07.23"]
[EventType "swiss"]
[EventRounds "9"]
[EventCountry "GER"]
[SourceTitle "EXT 2013"]
[Source "ChessBase"]
[SourceDate "2012.11.22"]
[SourceVersion "1"]
[SourceVersionDate "2012.11.22"]
[SourceQuality "1"]

1. e4 e5 2. Nf3 Nf6 3. Nc3 Bb4 4. d3 0-0 5. Nxe5 Re8 6. Nf3 d5 7. Bd2 dxe4 8. dxe4 Nxe4 9. Nxe4 Rxe4+ 10. Be2 Bxd2+ 11. Nxd2 Re8 12. 0-0 Bf5 13. Bf3 c6 14. c3 Nd7 15. Nc4 Ne5 16. Nxe5 Qxd1 17. Raxd1 Rxe5 18. Rd2 Rae8 19. h3 g6 20. Kh2 Re1 21. Rxe1 Rxe1 22. g4 Bb1 23. Rd8+ Kg7 24. Rd7 Bxa2 25. Rxb7 Bd5 26. Bxd5 cxd5 27. Rxa7 Re2 28. b4 Rxf2+ 29. Kg3 Rc2 30. Rc7 d4 31. c4 d3 32. c5 d2 33. Rd7 Rc4 34. Rxd2 Rxb4 35. Rc2 g5 36. c6 Rb8 37. c7 Rc8 38. Kf3 Kf6 39. Ke4 Ke6 40. Rc6+ Kd7 41. Rf6 Ke7 42. Rc6 Kd7 43. Rc5 Ke6 44. Rxg5 Rxc7 45. Rg7 Kf6 46. Rxh7 Kg6 47. Rh8 Rc4+ 48. Kd5 Ra4 49. Ke5 Ra5+ 50. Kf4 Ra4+ 51. Ke5 Ra5+ 52. Kd6 Ra6+ 53. Kc5 Kg7 54. Rd8 Ra3 55. h4 f5 56. g5 Kg6 57. Rg8+ Kh7 58. Rf8 Kg7 59. Rf6 Rh3 60. Rh6 f4 61. Kd4 Re3 62. Rf6 Re1 63. Rxf4 Kg6 64. Rf6+ Kh5 65. Rh6+ Kg4 66. g6 Kf5 67. g7 Rg1 68. Rh5+ Kf6 69. Rg5 Rxg5 70. hxg5+ Kxg7 71. Ke4 Kg6 72. Kf4 Kf7 73. Kf5 Kg8 74. Kg6 Kf8 1-0

[Event "Dortmund Sparkassen op-B"]
[Site "Dortmund"]
[Date "2011.07.28"]
[Round "6"]
[White "Huebben, Dominik"]
[Black "Vogt, Christian"]
[Result "1-0"]
[WhiteElo "1768"]
[BlackElo "1470"]
[PlyCount "167"]
[EventDate "2011.07.23"]
[EventType "swiss"]
[EventRounds "9"]
[EventCountry "GER"]
[SourceTitle "EXT 2013"]
[Source "ChessBase"]
[SourceDate "2012.11.22"]
[SourceVersion "1"]
[SourceVersionDate "2012.11.22"]
[SourceQuality "1"]

1. d4 Nf6 2. c4 g6 3. Nc3 d5 4. cxd5 Nxd5 5. e4 Nxc3 6. bxc3 Bg7 7. Bc4 c5 8. Ne2 0-0 9. 0-0 Nc6 10. Be3 Qc7 11. Rc1 Rd8 12. Qc2 Na5 13. Bb3 c4 14. Ba4 a6 15. Qb2 b5 16. Bc2 Nc6 17. Rb1 Qa5 18. Rfd1 e6 19. e5 Ne7 20. Ng3 Bb7 21. Bg5 Rd7 22. Ne4 Bxe4 23. Bxe4 Nd5 24. Rbc1 Rb8 25. a3 Qc7 26. Qd2 Qa5 27. Bxd5 Rxd5 28. Qb2 Rb7 29. Qb4 Qxb4 30. axb4 Rbd7 31. Re1 h6 32. Be3 Ra7 33. Ra1 Rd8 34. Ra2 Rda8 35. Rea1 Kh7 36. f4 Rd7 37. Rxa6 Rxa6 38. Rxa6 Rd5 39. Ra8 Bh8 40. f5 gxf5 41. Bxh6 Bg7 42. Bxg7 Kxg7 43. Kf2 Kg6 44. Kf3 f6 45. exf6 Kxf6 46. Kf4 Rd7 47. Rb8 Rg7 48. Kf3 Rh7 49. h3 Ra7 50. Rxb5 Ra3 51. Rc5 Rxc3+ 52. Ke2 Rc2+ 53. Kf1 c3 54. b5 Rb2 55. Rxc3 Rxb5 56. Rc2 Rd5 57. Rd2 Kg5 58. Ke2 Kf4 59. Rd3 Ra5 60. g3+ Ke4 61. Re3+ Kxd4 62. Rxe6 Ra3 63. Kf2 Kd5 64. Re3 Ra4 65. Kf3 Rb4 66. g4 fxg4+ 67. hxg4 Ra4 68. Kg3 Ra1 69. Kh4 Ra4 70. Kh5 Kd4 71. Re8 Ra5+ 72. g5 Kd5 73. Kh6 Kd6 74. g6 Kd7 75. Re1 Ra6 76. Kh7 Ra2 77. g7 Rh2+ 78. Kg8 Kd8 79. Re4 Kd7 80. Kf7 Rf2+ 81. Kg6 Rg2+ 82. Kf6 Rf2+ 83. Kg5 Rg2+ 84. Rg4 1-0

[Event "DESC P2002 email"]
[Site "DESC email"]
[Date "2002.08.05"]
[Round "1"]
[White "Lutz, Reinhard"]
[Black "Vogt, Christian"]
[Result "1-0"]
[WhiteElo "1625"]
[BlackElo "1694"]
[PlyCount "31"]
[EventDate "2002.??.??"]
[EventType "swiss (corr)"]
[EventRounds "10"]
[EventCountry "GER"]
[SourceTitle "Corr 2004"]
[Source "ChessBase"]
[SourceDate "2003.04.28"]
[SourceVersion "3"]
[SourceVersionDate "2003.04.28"]
[SourceQuality "1"]

1. e4 e5 2. Bc4 Nf6 3. d4 exd4 4. Nf3 Nxe4 5. Qxd4 Nf6 6. Bg5 Be7 7. Nc3 Nc6 8. Qh4 d6 9. 0-0-0 Be6 10. Bd3 Ng4 11. Rhe1 Nxf2 12. Bxe7 Nxd3+ 13. Rxd3 Qxe7 14. Qg3 0-0-0 15. Rde3 Qf6 16. Qg5 1-0

[Event "DESC P2002 email"]
[Site "DESC email"]
[Date "2002.08.05"]
[Round "1"]
[White "Vogt, Christian"]
[Black "John, Guenter"]
[Result "1-0"]
[WhiteElo "1598"]
[BlackElo "1907"]
[PlyCount "113"]
[EventDate "2002.??.??"]
[EventType "swiss (corr)"]
[EventRounds "10"]
[EventCountry "GER"]
[SourceTitle "Corr 2004"]
[Source "ChessBase"]
[SourceDate "2003.04.28"]
[SourceVersion "3"]
[SourceVersionDate "2003.04.28"]
[SourceQuality "1"]

1. e4 e5 2. Nf3 Nc6 3. Bc4 Bc5 4. c3 Nf6 5. d3 Bb6 6. 0-0 d6 7. Bb3 Bg4 8. Nbd2 0-0 9. h3 Be6 10. Bc2 a6 11. Nc4 Ba7 12. Ne3 Rb8 13. Qe2 Nh5 14. Qd1 Nf4 15. Nf5 Bxf5 16. exf5 Nd5 17. Bb3 Nce7 18. Re1 c6 19. g4 Re8 20. c4 Nc7 21. Bg5 Qd7 22. Bh4 Bc5 23. Qd2 b5 24. Re2 h5 25. Kg2 Nc8 26. cxb5 Rxb5 27. Qg5 hxg4 28. hxg4 Rxb3 29. axb3 f6 30. Qd2 d5 31. d4 Bd6 32. dxe5 fxe5 33. Rd1 e4 34. Ng1 Ne7 35. Qg5 c5 36. Qh5 Rb8 37. f3 Qe8 38. Qxe8+ Nxe8 39. fxe4 d4 40. e5 Nd5 41. exd6 Nf4+ 42. Kf2 Nxd6 43. Re7 Rxb3 44. Bg3 Rxb2+ 45. Kf3 Nxf5 46. gxf5 Nd5 47. Bd6 Rb3+ 48. Kg4 Nxe7 49. Bxe7 Rc3 50. Nf3 Kf7 51. Bd6 Kf6 52. Ng5 g6 53. Ne4+ Kf7 54. fxg6+ Kxg6 55. Nxc3 dxc3 56. Bxc5 c2 57. Rd6+ 1-0

[Event "DESC P2002 email"]
[Site "DESC email"]
[Date "2002.06.29"]
[Round "?"]
[White "Vogt, Christian"]
[Black "Goertz, Hans Georg"]
[Result "1-0"]
[WhiteElo "1673"]
[BlackElo "1612"]
[PlyCount "41"]
[EventDate "2002.??.??"]
[EventType "swiss (corr)"]
[EventRounds "10"]
[EventCountry "GER"]
[SourceTitle "Corr 2004"]
[Source "ChessBase"]
[SourceDate "2003.04.28"]
[SourceVersion "3"]
[SourceVersionDate "2003.04.28"]
[SourceQuality "1"]

1. d4 Nf6 2. c4 e6 3. f3 c5 4. d5 exd5 5. cxd5 c4 6. e4 Bb4+ 7. Nc3 Qa5 8. Bd2 0-0 9. Bxc4 d6 10. Rc1 Bd7 11. a3 Bc5 12. b4 Qd8 13. bxc5 dxc5 14. e5 Nh5 15. Ne4 f5 16. e6 fxe4 17. e7 Qxe7 18. d6+ Qe6 19. Bxe6+ Bxe6 20. fxe4 Rf6 21. Qxh5 1-0